Prolog : Programming For Artificial Intelligence / (Record no. 32019)

000 -LEADER
fixed length control field 00542 a2200193 4500
003 - CONTROL NUMBER IDENTIFIER
control field OSt
005 - DATE AND TIME OF LATEST TRANSACTION
control field 20260115172551.0
008 - FIXED-LENGTH DATA ELEMENTS--GENERAL INFORMATION
fixed length control field 260115b ||||| |||| 00| 0 eng d
020 ## - INTERNATIONAL STANDARD BOOK NUMBER
International Standard Book Number 978-81-317-1134-7
040 ## - CATALOGING SOURCE
Transcribing agency .
082 ## - DEWEY DECIMAL CLASSIFICATION NUMBER
Classification number 006.3
Item number B824
100 ## - MAIN ENTRY--PERSONAL NAME
9 (RLIN) 6499
Personal name Bratko, Ivan
245 ## - TITLE STATEMENT
Title Prolog : Programming For Artificial Intelligence /
Statement of responsibility, etc. by Ivan Bratko
250 ## - EDITION STATEMENT
Edition statement 3rd ed.
260 ## - PUBLICATION, DISTRIBUTION, ETC.
Name of publisher, distributor, etc. Pearson India Education Services Pvt Ltd,
Place of publication, distribution, etc. India :
Date of publication, distribution, etc. 2001.
300 ## - PHYSICAL DESCRIPTION
Extent 678 p.
650 #0 - SUBJECT ADDED ENTRY--TOPICAL TERM
9 (RLIN) 3233
Topical term or geographic name entry element Artificial intelligence
942 ## - ADDED ENTRY ELEMENTS (KOHA)
Source of classification or shelving scheme
Koha item type Books
Holdings
Withdrawn status Lost status Source of classification or shelving scheme Damaged status Not for loan Collection code Permanent Location Current Location Shelving location Date acquired Source of acquisition Cost, normal purchase price Full call number Barcode Date last seen Cost, replacement price Price effective from Koha item type
          Non-fiction IMU Kolkata IMU Kolkata Reference 2026-01-29 28 1015.36 006.3 B824 14586 2026-01-29 1520.00 2026-01-29 Books
          Non-fiction IMU Kolkata IMU Kolkata   2026-01-29 28 1015.36 006.3 B824 14587 2026-01-29 1520.00 2026-01-29 Books
          Non-fiction IMU Kolkata IMU Kolkata   2026-01-29 28 1015.36 006.3 B824 14588 2026-01-29 1520.00 2026-01-29 Books
          Non-fiction IMU Kolkata IMU Kolkata   2026-01-29 28 1015.36 006.3 B824 14589 2026-01-29 1520.00 2026-01-29 Books
          Non-fiction IMU Kolkata IMU Kolkata   2026-01-29 28 1015.36 006.3 B824 14590 2026-01-29 1520.00 2026-01-29 Books
Designed and Maintained by IMU-KC Library, Kolkata Campus © Copyright All Rights Reserved

webs counters

Powered by Koha